La guerre des fonctionnaires / (Record no. 81549)

MARC details
000 -LEADER
campo de control de longitud fija 00604nam a2200193 i 4500
001 - NÚMERO DE CONTROL
campo de control 81549
003 - IDENTIFICADOR DE NÚMERO DE CONTROL
campo de control ES-MaACL
005 - FECHA Y HORA DE LA ÚLTIMA TRANSACCIÓN
campo de control 20230906174448.0
007 - CAMPO FIJO DE DESCRIPCIÓN FÍSICA--INFORMACIÓN GENERAL
campo de control de longitud fija t|
008 - DATOS DE LONGITUD FIJA--INFORMACIÓN GENERAL
campo de control de longitud fija 041105s1914 fr ||||1| fre d
100 1# - ENTRADA PRINCIPAL--NOMBRE DE PERSONA
Nombre de persona Hugues, Pierre d'.
9 (RLIN) 64637
245 13 - MENCIÓN DEL TÍTULO
Título La guerre des fonctionnaires /
Mención de responsabilidad, etc. Pierre d'Hugues ; preface de G. Demartial.
260 ## - PUBLICACIÓN, DISTRIBUCIÓN, ETC.
Lugar de publicación, distribución, etc. [S.l. :
Nombre del editor, distribuidor, etc. s.n.,
Fecha de publicación, distribución, etc. 1914] (
Lugar de fabricación/manufactura Lagny :
Fabricante E. Grevin)
300 ## - DESCRIPCIÓN FÍSICA
Extensión XI, 303 p. ;
Dimensiones 19 cm.
650 00 - PUNTO DE ACCESO ADICIONAL DE MATERIA--TÉRMINO DE MATERIA
Término de materia o nombre geográfico como elemento de entrada Funcionarios.
9 (RLIN) 13009
651 #4 - PUNTO DE ACCESO ADICIONAL DE MATERIA--NOMBRE GEOGRÁFICO
Nombre geográfico Francia-
Subdivisión general Administración.
9 (RLIN) 168375
700 1# - ENTRADA AGREGADA--NOMBRE PERSONAL
Nombre de persona Demartial, Georges (
Fechas asociadas al nombre 1861-1945)
9 (RLIN) 43627
852 ## - LOCALIZACIÓN
Ubicación ES-MaACL
Número de control de estantería D-5147
Holdings
Estatus retirado Estado de pérdida Estado de daño No para préstamo Biblioteca de origen Biblioteca actual Ubicación en estantería Fecha de adquisición Fuente de adquisición Total de préstamos Signatura topográfica completa Código de barras Visto por última vez Precio de reemplazo Tipo de ítem Koha
        Biblioteca del Ateneo de Madrid Biblioteca del Ateneo de Madrid Sala Valle Inclán 17/01/2008     D-5147 901085243 23/02/2023 23/02/2023 Libro impreso